| 000 | 00486 a2200193 4500 | ||
|---|---|---|---|
| 005 | 20260401111452.0 | ||
| 008 | 260319b |||||||| |||| 00| 0 eng d | ||
| 020 |
_a9781118591123 _c$ 30.99 |
||
| 040 | _aMAIN | ||
| 082 |
_a658.456 _bC171E |
||
| 100 | _aCapell, Laura | ||
| 245 | _aEvent management for dummies | ||
| 260 |
_bJohn Wiley _c2013 _aChichester |
||
| 300 | _axii, 318 | ||
| 650 | _aManagement | ||
| 650 | _aEvent Management | ||
| 650 | _aPlanning Events | ||
| 942 | _cBK | ||
| 999 |
_c395658 _d395658 |
||